Pokémon - Les attaques de Lougaroc Forme Diurne - Statistiques

Statistiques générales
  • Ce quiz a été pris 15 fois
  • Le résultat moyen est 14 sur 18
Statistiques - réponses
Niveaux Types Noms des attaques % Correct
Départ Normal Charge
100%
Niveau 36 Roche Éboulement
100%
Niveau 60 Roche Lame de Roc
100%
Niveau 42 Ténèbres Mâchouille
100%
Niveau 20 Ténèbres Morsure
100%
Départ Roche Vif Roc
100%
Niveau 30 Normal Hurlement
91%
Niveau 12 Roche Jet-Pierres
91%
Niveau 24 Roche Tomberoche
91%
Départ Sol Jet de Sable
82%
Départ Normal Groz'Yeux
73%
Niveau 54 Roche Piège de Roc
73%
Départ Normal Vive-Attaque
73%
Niveau 16 Normal Grondement
64%
Évolution Ténèbres Coup Bas
55%
Niveau 48 Normal Grimace
36%
Départ Combat Prévention
27%
Départ Normal Reflet
18%
Aucun quiz correspondant
Distribution des résultats
% des personnes avec chaque résultat
Percentile par nombre de réponses
Votre historique - résultats
Vous n’avez pas pris ce quiz